000 00211nam a2200109Ia 4500
100 _a#N/A
942 _cBK
654 _aoracle 8
245 _aORACLE 8 DATABASE DEVELOPMENT
260 _b#N/A
546 _aENGLISH
999 _c18458
_d18458